Online katalóg knižníc regiónu Turca

Obdivuhodné putovanie Marca Pola (Record no. 22284)

MARC details
000 -LEADER
fixed length control field 01055nam a2200301 a 4500
001 - CONTROL NUMBER
control field 22284
003 - CONTROL NUMBER IDENTIFIER
control field VRT
005 - DATE AND TIME OF LATEST TRANSACTION
control field 20260325102114.0
008 - FIXED-LENGTH DATA ELEMENTS--GENERAL INFORMATION
fixed length control field 190311s1984 xo 000 0 slo
035 ## - SYSTEM CONTROL NUMBER
System control number SVKPOKN097604
039 #9 - LEVEL OF BIBLIOGRAPHIC CONTROL AND CODING DETAIL [OBSOLETE]
Level of rules in bibliographic description 202009232010
Level of effort used to assign nonsubject heading access points AUTHORITY
Level of effort used to assign subject headings 201903110548
Level of effort used to assign classification VLOAD
Level of effort used to assign subject headings 201903071007
Level of effort used to assign classification VLOAD
Level of effort used to assign subject headings 201803141444
Level of effort used to assign classification AUTHORITY
040 ## - CATALOGING SOURCE
Original cataloging agency SVKPOKN
Language of cataloging slo
Transcribing agency SVKPOKN
Modifying agency SVKPO
Description conventions AACR2
041 0# - LANGUAGE CODE
Language code of text/sound track or separate title slo
Language code of original ger
044 ## - COUNTRY OF PUBLISHING/PRODUCING ENTITY CODE
MARC country code xo
ISO country code SK
080 ## - UNIVERSAL DECIMAL CLASSIFICATION NUMBER
Universal Decimal Classification number 830-3=854
100 1# - MAIN ENTRY--PERSONAL NAME
Personal name Meinck, Willi,
Dates associated with a name 1914-1993
245 10 - TITLE STATEMENT
Title Obdivuhodné putovanie Marca Pola
Remainder of title : zo života šľachetného a presláveného Benátčana,ktorý obohatil Európu o poznanie cudzieho obdivuhodného sveta
Statement of responsibility, etc. Willi Meinck; P. Branko
250 ## - EDITION STATEMENT
Edition statement 1.vyd..
260 ## - PUBLICATION, DISTRIBUTION, ETC.
Place of publication, distribution, etc. Bratislava
Name of publisher, distributor, etc. ML
Date of publication, distribution, etc. 1984
300 ## - PHYSICAL DESCRIPTION
Extent 415 str.
490 0# - SERIES STATEMENT
Series statement Stopy
655 #7 - INDEX TERM--GENRE/FORM
Genre/form data or focus term umelecká literatúra
Source of term svkpo
700 1# - ADDED ENTRY--PERSONAL NAME
Personal name Branko, Pavel,
Dates associated with a name 1921-2020
Relationship trl
910 ## - USER-OPTION DATA (OCLC)
User-option data svkponkat
942 ## - ADDED ENTRY ELEMENTS (KOHA)
Source of classification or shelving scheme Dewey Decimal Classification
Koha item type Krásna literatúra pre dospelých
Suppress in OPAC No
949 ## - LOCAL PROCESSING INFORMATION (OCLC)
a svkpoA 130009
b svkpo306161
o 18121
s 6722:20130605
Holdings
Stav vyradenia Strata Poškodenie Spôsob nadobudnutia Domovská knižnica Aktuálna knižnica Dátum nadobudnutia Total checkouts Čiarový kód exemplára Date last seen Typ exemplára
      Dar Obecná knižnica Turčianska Štiavnička Obecná knižnica Turčianska Štiavnička 25.03.2026   4738000717 25.03.2026 Krásna literatúra pre dospelých
Projekt je podporený Slovenskou asociáciou knižníc
Prevádzkuje Turčianska knižnica Martin 2026